| 000 | 00725cam a22001815a 4500 | ||
|---|---|---|---|
| 001 | L155789 | ||
| 008 | 120416s1800 xxk f 000 0 eng d | ||
| 035 | _a(Sirsi) u155789 | ||
| 041 | 0 | _aeng | |
| 100 | 1 |
_aChauchard _cCaptain |
|
| 245 | 0 | 2 | _aA general map of the empire of Germany, Holland, the Netherlands, Switzerland, the Grisons, Italy, Sicily, Corsica, and Sardinia. By Captain Chauchard, &c. Dedicated by permission to His Majesty |
| 260 |
_aLondon _bPrinted for John Stockdale, Piccadilly. T. Gillet, printer, Salisbury Square _c4th June, 1800 |
||
| 300 |
_a[4] p., plates _c1o |
||
| 583 | 0 |
_aCondition reviewed _c20120620 _lcondition level 3 and 4 |
|
| 651 | 4 | _aEurope | |
| 690 |
_aMeasurement _96256 |
||
| 942 | _n0 | ||
| 999 |
_c113824 _d113824 |
||